| 000 -ლიდერი |
| ფიქსირებული სიგრძის საკონტროლო ველი |
01226nam a22002297a 4500 |
| 003 - საკონტროლო ნომრის იდენტიფიკატორი |
| საკონტროლო ველი |
Ge_BSU |
| 005 - ბოლო ოპერაციის თარიღი და დრო |
| საკონტროლო ველი |
20210910132101.0 |
| 008 - ფიქსირებული სიგრძის მონაცემთა ელემენტები - ზოგადი ინფორმაცია |
| ფიქსირებული სიგრძის საკონტროლო ველი |
210910s2021 ge ||||| |||| 00| 0 geo d |
| 020 ## - წიგნის საერთაშორისო სტანდარტული ნომერი |
| International Standard Book Number |
9789941972669 |
| 041 ## - ენის კოდი |
| Language code of text/sound track or separate title |
geo |
| 080 ## - უნივერსალური ათობითი კლასიფიკაციის ინდექსი |
| Universal Decimal Classification number |
34.096+343.096 მ-74 |
| 100 ## - მთავარი ჩანაწერი - პიროვნების სახელი |
| Personal name |
მიქელაძე, გიორგი |
| 9 (RLIN) |
823 |
| 245 ## - ცნობა სათაურის შესახებ |
| Title |
კაზუსის ამოხსნის მეთოდიკა სისხლის საპროცესო სამართალში : |
| Remainder of title |
თანდართული კაზუსებით / |
| Statement of responsibility, etc |
გიორგი მიქელაძე; რედ. ირაკლი გაბისონია, ვიოლეტა ფორჩხაძე. |
| 264 ## - წარმოების, გამოცემის, დისტრიბუციის და სხვა ცნობები |
| გამოცემის, წარმოების, დისტრიბუციის... ადგილი |
თბილისი : |
| გამოცემის, წარმოების, დისტრიბუციის... სახელწოდება |
იურისტის სამყარო, |
| გამოცემის, წარმოების, დისტრიბუციის... თარიღი |
2021. |
| 300 ## - ფიზიკური აღწერა |
| Extent |
258 გვ. |
| Other physical details |
21 სმ. |
| 504 ## - BIBLIOGRAPHY, ETC. NOTE |
| Bibliography, etc |
ბიბლიოგრ. გვ. 245-254 |
| 653 ## - INDEX TERM--UNCONTROLLED |
| Uncontrolled term |
სამართალი |
| 653 ## - INDEX TERM--UNCONTROLLED |
| Uncontrolled term |
კაზუსების ამოხსნა |
| 700 ## - ADDED ENTRY--PERSONAL NAME |
| Personal name |
გაბისონია, ირაკლი |
| Relator term |
რედაქტორი |
| 9 (RLIN) |
7024 |
| 700 ## - ADDED ENTRY--PERSONAL NAME |
| Personal name |
ფორჩხაძე, ვიოლეტა |
| Relator term |
რედაქტორი |
| 9 (RLIN) |
12450 |
| 942 ## - ADDED ENTRY ELEMENTS (KOHA) |
| Source of classification or shelving scheme |
|
| Koha item type |
წიგნი |